| 000 | 00593nam a22001817a 4500 | ||
|---|---|---|---|
| 005 | 20260301155459.0 | ||
| 010 | _aBACEN26 | ||
| 020 |
_a9788197808036 _c800.00 |
||
| 037 | _bVrinda Publication | ||
| 082 | _a000 | ||
| 100 |
_aPratap, Gagan _987969 |
||
| 245 |
_aSSC Maths: The Complete Coaching 8000+TCS MCQ / _cby Gagan Pratap [and] Manvendra Singh |
||
| 260 |
_aDelhi _bChampion Publication |
||
| 270 |
_k7351553388 _aJaina Extension, Dr. Mukherjee Nagar _bDelhi _e110009 |
||
| 300 |
_a998p. _c28cm(pb) |
||
| 700 |
_aManvendra Singh _987970 |
||
| 942 |
_2ddc _cEN _h000 _mPRA |
||
| 999 |
_c215046 _d215046 |
||